02881cam a22003375a 45000010009000000050017000090080041000260200018000670200015000850400029001000820020001291000032001492450089001812500013002702600069002833000034003525000024003865000027004105040041004375050686004785200877011646500039020416510010020806530039020906500031021297000032021609420024021929990017022169520143022339520167023761744600920161005094355.0120829s2014 enka frbd 001 0 eng d a9780205060351 a0205060358 aDLCbengcDLCdEG-ScBUE 04222a070.41bBRO1 aBrooks, Brian S.‏ 94061714aThe art of editing :bin the age of convergence /cBrian S. Brooks, James L. Pinson. a10th ed. aOxford ;aNew York :bRoutledge / Taylor & Francis Group,c2014. axiv, 354 p. :bill. ;c24 cm. aIndex : p. 343-354. aGlossary : p. 329-339. aIncludes bibliographical references. aPart 1: Editing in the Age of Convergence -- Editing for Today's Changing Media -- The Editor and the Audience. -- Part 2: The Fundamentals of Editing -- The Editing Process -- Macro Editing for the Big Picture -- Macro Editing for Legality, Ethics and Propriety -- Micro Editing for Grammar and Usage -- Micro Editing for Style, Spelling and Tightening -- Holistic Editing -- Part 3: The Visual Side of Editing -- Writing Headlines, Titles, Captions and Blurbs -- Using Photos, Graphics and Type -- Part 4: Editing for Different Media -- Editing Newspapers -- Editing Magazines and Newsletters -- Editing for the Web -- Editing for Broadcast Media -- Editing in Other Fields. aThe Art of Editing continues to evolve to meet the needs of today's students. The authors address the major changes taking place in the media industry and the changing patterns in news consumption. Being a journalist today requires not only traditional writing and editing for print but also for the Web. Aspiring newspaper journalists today must also become multimedia journalists. With this in mind, the authors pay significant attention to the other areas in which students are increasingly finding jobs: online media, corporate magazines, broadcasting, public relations, and advertising. This text is available in a variety of formats - digital and print. Pearson offers its titles on the devices students love through Pearson's MyLab products, CourseSmart, Amazon, and more. To learn more about our programs, pricing options and customization, click the Choices tab." 7aJournalismxEditing.2BUEsh940619 2BUEsh bEEENGcAugust 2016 cSeptember2016 7940620aCopy editing2BUEsh1 aPinson, James L.‏ 940618 2ddce22k070.41 BRO c22100d22072 00102ddc40708BaccahaMAINbMAINcLOWd2016-08-02ePurchaseg1439.00h25868l0o070.41 BROp000033053r2025-07-15 00:00:00v1799.00yBB 00102ddc40708BaccahaMAINbMAINcLOWd2016-09-04ePurchaseg1532.00h26103l1o070.41 BROp000033528q2022-02-12r2022-01-13 00:00:00s2022-01-13v1916.00yBB